000
00218nam a2200085Ia 4500
008
220204s9999 xx 000 0 und d
082
_a
331:633.523(540)
_b
REP;1
245
0
_a
Report of the study group for jute
942
_c
BK
999
_c
22079
_d
22079